| 000 | 00499cam a2200193ua 4500 | ||
|---|---|---|---|
| 001 | 1295 | ||
| 005 | 20260515113318.0 | ||
| 008 | 110701n ii |||gr||||Z||||||eng | ||
| 040 | _cMAIN | ||
| 082 | _a338.9 | ||
| 100 | 1 | _aLekhi, R K., | |
| 245 | 1 |
_aEconomics of developement and planning. _cBy R K Lekhi. |
|
| 250 | _a4th. | ||
| 260 |
_aNew Delhi.: _bKalyani publishers.,996. |
||
| 300 |
_a349 p.: _c30 cm. |
||
| 653 | _aEconomics. | ||
| 653 | _aDevelopement and planning economics. | ||
| 942 | _cBK | ||
| 999 |
_c1196 _d1196 |
||